banner-ar

Principles of Epidemiology / (Record no. 14141)

MARC details
000 -الفاتح
حقل البيانات ثابتة الطول 00447nam a2200169Ia 4500
008 - عناصر البيانات ثابتة الطول - معلومات عامة
حقل البيانات ثابتة الطول 140319s9999 xx 000 0 eng d
040 ## - مصدر الفهرسة
وكالة الفهرسة الأصلية GCL /
وكالة النسخ GCL
082 04 - رقم تصنيف ديوى العشرى
رقم التصنيف 614.4
رقم المادة A P
100 1# - المدخل الرئيسى - إسم شخصى
الإسم الشخصى ANOKUTE, CHARLES C.
245 10 - بيان العنوان
العنوان Principles of Epidemiology /
بيان المسئوليه,etc ANOKUTE, CHARLES C.
300 ## - الوصف المادى
التعداد 201
650 04 - المدخل الاضافى بالموضوع-مصطلح موضوعى
مصطلح موضوعي EPIDEMIOLOGY
650 04 - المدخل الاضافى بالموضوع-مصطلح موضوعى
مصطلح موضوعي EPIDEMIOLOGIC METHODS
942 ## - عناصر المدخل الإضافي( كوها)
مصدر التصنيف او مخطط الترفيف Dewey Decimal Classification
Koha [default] item type كتاب
260 ## - PUBLICATION, DISTRIBUTION, ETC. (IMPRINT)
-- [S.N] :
-- KING SOUND UNIVERSITY PRESS
Holdings
حالة التراجع حالة الفقد حالة تلف ليس للاعارة المكان المؤقت الموقع الحالى تاريخ الاكتساب اجمالي اﻻعارات رقم الطلب الباركود تاريخ اخر مشاهدة تاريخ تفعيل السعر نوع وعاء كوها
        مكتبة القاهرة الكبرى مكتبة القاهرة الكبرى 03/26/2014   614.4\A P 26623 03/26/2014 03/26/2014 كتاب

Powered By

EGPV